000
00256nam a22001217a 4500
008
181217b xxu||||| |||| 00| 0 eng d
041
_a
eng
080
_a
941
100
_a
16
101
_a
HIS
245
_a
Nation Of Nations
_c
James.W
942
_2
udc
_c
BK
999
_c
53180
_d
53180